000 00190 a2200097 4500
020 _a9780545347471
041 _aeng
100 _aScholastic
245 _aA little book of Slime
942 _cBK
999 _c30392
_d30390